000 00707nam a22002057a 4500
005 20100508114110.0
008 100508t xxu||||| |||| 00| 0 eng d
010 _aB-368648
020 _c290.00
035 _aB-368648
037 _bPansy Books
040 _adpl
_bEnglish
100 _aRawat, Dinesh
245 _aPlams sfor India /
_cby Dinesh Rawat
260 _bSahayog Hortica
_aParganas
300 _ap.
_ccm.
942 _2ddc
_cEN
_mRAW
999 _c35824
_d35824